Представление документа в формате MARC21

ПолеНазваниеЗначение
  Тип записи a
  Библиографический уровень m
001 Контрольный номер RU\infra-m\znanium\bibl\2132356
005 Дата корректировки 20240827142108.3
008 Кодируемые данные 231211s2023 RU g rus u
020 Индекс ISBN __
a ISBN 978-5-4479-0362-6
040 Источник каталогиз. __
a Служба первич. каталог. Общество с ограниченной ответственностью «ЗНАНИУМ»
041 Код языка издания __
a Код языка текста rus
044 Код страны публикации __
a Код страны публикации RU
080 Индекс УДК __
a Индекс УДК 811111
084 Индекс другой классификации/Индекс ББК __
2 Источник индекса rubbk
a Индекс другой классификации/Индекс ББК 48
084 Индекс другой классификации/Индекс ББК __
2 Источник индекса rubbk
a Индекс другой классификации/Индекс ББК 812А
084 Индекс другой классификации/Индекс ББК __
2 Источник индекса okso
a Индекс другой классификации/Индекс ББК 36.02.01
100 Автор __
a Автор Тамочкина О.А.
q Полное имя Тамочкина Оксана Александровна
u Дополнение Волгоградский государственный аграрный университет
245 Заглавие __
a Заглавие Ветеринария для профессионалов
b Продолж. заглавия Учебное пособие по английскому языку для студентов профессионалитета 36.02.01 Ветеринария; Учебное пособие
c Ответственность Волгоградский государственный аграрный университет
260 Выходные данные __
a Место издания Волгоград
b Издательство ФГБОУ ВПО Волгоградский государственный аграрный университет
c Дата издания 2023
300 Физическое описание __
a Объем 204 с.
520 Аннотация __
a Аннотация Содержатся тексты на английском языке в которых освещаются общие сведения о земледелии а также упражнения для закрепления речевых навыков. Предназначено для студентов профессионалитета 36.02.01 Ветеринария.
521 Примеч. о цел. назн. __
a Примеч. о целев. назн. Среднее профессиональное образование
650 Тематические рубрики __
a Основная рубрика Сельское хозяйство
x Основная подрубрика Ветеринария
655 Указ. предметных рубрик (устаревшее) __
a Жанр/ форма (устаревшее) Учебное пособие
700 Другие авторы __
a Другие авторы Шахнубарян Е.Г.
q Полное имя Шахнубарян Елена Гаврушевна
u Дополнение Волгоградский государственный аграрный университет
856 Электронный адрес документа 4_
a Имя сервера/домена znanium.ru
m Помощь ebs_support@infra-m.ru
n Местонахождение сервера НИЦ ИНФРА-М
u URL https://znanium.ru/catalog/document?id=439298
856 Электронный адрес документа 48
a Имя сервера/домена znanium.ru
d Путь /cover/2132
f Электронное имя 2132356.jpg
q Тип электронного формата image/jpeg
u URL https://znanium.ru/cover/2132/2132356.jpg
911 __
u 0030=https://znanium.ru/catalog/document?id=439298